000 00572nam a2200205Ia 4500
001 2928
003 GE_BSU
008 181216s||||||||xx |||||||||||||| ||und||
040 _cGE_BSU
080 _a621.64(035)
100 _aСапожников,М.М.
245 _aСправочник трубопроводчика.
245 _cНауч. ред. В.В.Карпов.
260 _aЛ.- М.
260 _bСтройиздат.
260 _c1960.
300 _a214 стр. 22 см.
653 _aСправочник трубопроводчика.
942 _cBK
999 _c36976
_d36976